000 00572nam a22002057a 4500
003 DO-SdBNP
005 20171108105730.0
008 171108b 1970 sp ||||| |||| 00| 0 spa d
020 _a8424301242
040 _aBPMSU
_bspa
_cBPMSU
092 _axxxx
_bxxxx
100 1 _aBill, Buffalo
245 0 0 _aBuffalo Bill /
_c[William Frederick Cody].
260 _aBilbao :
_bLaida,
_c1970.
300 _a128 p.
_bil. ;
_c20 cm.
490 1 _aClásica juvenil
_v5
830 0 _aClásica juvenil
_v5
942 _2ddc
_cBK
956 _aLOPEREZ
_b10
_c20171107
_h0041
_iBPMSU
999 _c12782
_d12782